[Event "26. Oldie Turnier - Gruppe A"]
[Site "Klingenberg am Main"]
[Date "2025.04.05"]
[Round "1.1"]
[White "Mephisto Berlin Pro 68020"]
[Black "Mephisto Montreux"]
[Result "0-1"]
[WhiteElo "2265"]
[BlackElo "2271"]
[PlyCount "98"]
[GameId "2166621838476649"]
[EventDate "2025.??.??"]

1. e4 e5 2. Nf3 Nc6 3. d4 exd4 4. Nxd4 Bc5 5. Be3 Qf6 6. c3 Nge7 7. Bc4 O-O 8. O-O a6 9. Nxc6 Qxc6 10. Bxc5 Qxc5 11. Qd4 Qh5 12. f3 d6 13. Nd2 Nc6 14. Qe3 Be6 15. Bb3 a5 16. Rad1 a4 17. Bc4 Ne5 18. Bd5 Rfb8 19. Qd4 c5 20. Qe3 Bxd5 21. exd5 Re8 22. Ne4 Nc4 23. Qf4 Nxb2 24. Rb1 Nd3 25. Qxd6 Rad8 26. Qg3 Qh6 27. c4 f5 28. Ng5 f4 29. Qg4 Qf6 30. Ne6 Rd7 31. Rfd1 Ne5 32. Qh5 Rc8 33. Rbc1 h6 34. Rc2 Re7 35. Qh3 Rce8 36. Rcc1 Rd7 37. a3 b6 38. Qh5 Ree7 39. Rf1 Nd3 40. Rc2 b5 41. Rb1 b4 42. Re2 Qc3 43. Qf5 Rf7 44. Qe4 b3 45. d6 b2 46. Nxf4 Qc1+ 47. Re1 Nxe1 48. Qe8+ Rf8 49. Qe6+ Rdf7 0-1

[Event "26. Oldie Turnier - Gruppe A"]
[Site "Klingenberg am Main"]
[Date "2025.04.05"]
[Round "1.2"]
[White "Mephisto Polgar 100 MHz"]
[Black "Mephisto Atlanta"]
[Result "0-1"]
[WhiteElo "2271"]
[BlackElo "2263"]
[PlyCount "72"]
[GameId "2166621838476650"]
[EventDate "2025.??.??"]

1. e4 c6 2. d4 d5 3. Nc3 dxe4 4. Nxe4 Bf5 5. Ng3 Bg6 6. h4 h6 7. h5 Bh7 8. Nf3 Nd7 9. Bd3 Bxd3 10. Qxd3 Qc7 11. Bd2 Ngf6 12. O-O-O e6 13. c4 O-O-O 14. Bc3 Bd6 15. Ne2 Ng4 16. Rdf1 Rhe8 17. Nd2 e5 18. Qf5 Ngf6 19. c5 Bf8 20. Nc4 Nd5 21. Nxe5 Bxc5 22. Nxd7 Rxd7 23. dxc5 Rxe2 24. Bxg7 Qa5 25. Kb1 Nb4 26. a3 Nd3 27. Bd4 Qb5 28. Ka1 Rxb2 29. Re1 Ra2+ 30. Kxa2 Qc4+ 31. Kb1 Qb3+ 32. Ka1 Qxa3+ 33. Kb1 Qb3+ 34. Ka1 Nxe1 35. Bb2 Nd3 36. Qxd7+ Kxd7 0-1

[Event "26. Oldie Turnier - Gruppe A"]
[Site "Klingenberg am Main"]
[Date "2025.04.05"]
[Round "1.3"]
[White "Mephisto London 68020"]
[Black "Mephisto Risc 1MB"]
[Result "1/2-1/2"]
[WhiteElo "2213"]
[BlackElo "2259"]
[PlyCount "87"]
[GameId "2166621838476651"]
[EventDate "2025.??.??"]

1. c4 Nf6 2. Nc3 e6 3. Nf3 d5 4. d4 dxc4 5. e4 Bb4 6. Bg5 c5 7. e5 cxd4 8. Nxd4 Qa5 9. exf6 Bxc3+ 10. bxc3 Qxg5 11. fxg7 Qxg7 12. Qd2 Nc6 13. Nxc6 bxc6 14. Bxc4 Qe5+ 15. Kf1 Bd7 16. Re1 Qf6 17. Qd4 Qxd4 18. cxd4 Rb8 19. Bd3 Bc8 20. h4 Ke7 21. Rc1 Rb2 22. Rxc6 Rxa2 23. Rh3 Bd7 24. Rc1 h5 25. Re3 Rb8 26. d5 Rbb2 27. Re2 Rxe2 28. Bxe2 exd5 29. Bxh5 d4 30. Be2 Ra3 31. Ke1 d3 32. Bf1 Ra4 33. Bxd3 Rxh4 34. Rc7 Rd4 35. Ba6 Ke6 36. Rxa7 Bc6 37. Bc8+ Kf6 38. Ra6 Rd6 39. Bd7 Rxd7 40. Rxc6+ Ke5 41. Ke2 Ra7 42. Rc5+ Ke4 43. Rc2 Ra3 44. g3 1/2-1/2

[Event "26. Oldie Turnier - Gruppe A"]
[Site "Klingenberg am Main"]
[Date "2025.04.05"]
[Round "1.4"]
[White "Saitek RISC 2500"]
[Black "Fidelity Avant Garde V10"]
[Result "1-0"]
[WhiteElo "2242"]
[BlackElo "2191"]
[PlyCount "65"]
[GameId "2166621838480748"]
[EventDate "2025.??.??"]

1. e4 {Auftaktsieg f r den Risc 2500 in der 1. Runde in Klingenberg. Gespielt wird die Nimzowitsch-Variante (mit 4. - Se7) in der Franz sischen Verteidigung} e6 2. d4 d5 3. Nc3 Bb4 4. e5 Ne7 {Diese Fortsetzung (obwohl am zweith ufigsten gespielt) ist nicht im Er ffnungsbuch vom Risc 2500!} 5. Nf3 {*erster berechneter Zug} c5 {*erster berechneter Zug} 6. Bd2 cxd4 7. Nb5 Bxd2+ 8. Qxd2 O-O 9. Nbxd4 Nbc6 10. Be2 f6 11. exf6 Rxf6 12. Nxc6 bxc6 13. O-O Rb8 14. b3 Ng6 15. Bd3 Nf4 16. Ne5 Rf8 17. g3 Qg5 18. Qc3 Nh3+ 19. Kh1 $6 ({besser} 19. Kg2 Nf4+ 20. Kh1) 19... Nxf2+ $6 (19... Rxf2 $1) 20. Kg2 Nxd3 21. Rxf8+ Kxf8 22. cxd3 Kg8 23. Qxc6 Qe7 24. d4 $16 Bb7 25. Qa4 a6 26. Rf1 Rc8 $2 27. Rf7 Qg5 28. b4 (28. h4 $1) 28... Qd2+ $2 29. Rf2 Qxd4 30. Qd7 {Droht Matt in zwei Z gen. Der L ufer b7 geht verloren.} Qxf2+ {Die V10 "opfert" noch die Dame. Drei Z ge sp ter erfolgt die Aufgabe durch den Bediener!} 31. Kxf2 Rf8+ 32. Ke3 Bc8 33. Qc7 1-0

[Event "26. Oldie Turnier - Gruppe A"]
[Site "Klingenberg am Main"]
[Date "2025.04.05"]
[Round "1.6"]
[White "Millennium ChessGenius"]
[Black "Mephisto Nigel Short 19.6 MHz"]
[Result "1-0"]
[WhiteElo "2217"]
[BlackElo "2144"]
[PlyCount "143"]
[GameId "2166621838480750"]
[EventDate "2025.??.??"]

1. Nf3 d5 2. c4 c6 3. b3 Nf6 4. g3 Bf5 5. Bg2 e6 6. O-O Bd6 7. Nc3 O-O 8. d4 Nbd7 9. Nh4 Bg4 10. Qd3 Bb4 11. Bb2 Qb6 12. e3 Rac8 13. h3 Bh5 14. g4 Bg6 15. Nxg6 hxg6 16. Rfc1 c5 17. cxd5 cxd4 18. dxe6 dxc3 19. exd7 Nxd7 20. Bxc3 Nc5 21. Qd4 Bxc3 22. Qxc3 a5 23. Rab1 Qa7 24. Rc2 Rfd8 25. b4 axb4 26. Qxb4 Rc7 27. Qb5 Ne6 28. Rxc7 Nxc7 29. Qb3 b5 30. Bc6 Rd2 31. Rb2 Rxb2 32. Qxb2 Qc5 33. Be4 Qc4 34. Qe5 f6 35. Qd4 Kh7 36. Qxc4 bxc4 37. a4 Na6 38. a5 Nc5 39. Bc2 Kh6 40. Kf1 Kg5 41. Kg2 Na6 42. Kf3 Kh4 43. Bxg6 Kxh3 44. g5 Nb4 45. gxf6 gxf6 46. Bf5+ Kh4 47. Ke2 Kg5 48. Be6 c3 49. Bc8 Nc6 50. a6 c2 51. Kd2 f5 52. Kxc2 Na7 53. f4+ Kg6 54. Bd7 Kf6 55. Kc3 Ke7 56. Bxf5 Kf6 57. e4 Ke7 58. e5 Ke8 59. Kd4 Kd8 60. Kc5 Kc7 61. Be4 Nc8 62. f5 Kd7 63. f6 Na7 64. Bf5+ Ke8 65. e6 Nc8 66. Bg6+ Kd8 67. e7+ Nxe7 68. a7 Nxg6 69. a8=Q+ Kd7 70. Qc6+ Kd8 71. Kd6 Nf8 72. Qa8# 1-0

[Event "26. Oldie Turnier - Gruppe A"]
[Site "Klingenberg am Main"]
[Date "2025.04.05"]
[Round "2.1"]
[White "Mephisto Montreux"]
[Black "Mephisto Polgar 100 MHz"]
[Result "1-0"]
[WhiteElo "2271"]
[BlackElo "2171"]
[PlyCount "101"]
[GameId "2166621838480751"]
[EventDate "2025.??.??"]

1. e4 e6 2. d4 d5 3. e5 c5 4. Nf3 Nc6 5. Bd3 cxd4 6. O-O f6 7. Bb5 Bd7 8. Bxc6 bxc6 9. Qxd4 c5 10. Qd3 Rb8 11. c4 d4 12. Nbd2 f5 13. Nb3 Be7 14. Rd1 a5 15. a4 Bc6 16. Ra3 Rb7 17. Qe2 Bxa4 18. Rxa4 Rxb3 19. Qc2 Rb7 20. Bd2 Qb6 21. Rxa5 Qxb2 22. Qa4+ Kf7 23. Ra8 Rb8 24. Rxb8 Qxb8 25. Qd7 h6 26. Ra1 Qe8 27. Qb7 Kg6 28. Ra8 Qf7 29. Rc8 d3 30. Rxc5 Bd8 31. Qa6 Kh7 32. Nd4 Qd7 33. Nxe6 Ne7 34. g3 Re8 35. Nxg7 Rh8 36. Qxh6+ Kg8 37. Qf6 Rh7 38. Ne6 Rf7 39. Qg5+ Kh7 40. Nxd8 Qxd8 41. Rd5 Qa8 42. Rd7 Qe8 43. Qh5+ Kg8 44. e6 Rf8 45. Qg5+ Qg6 46. Qxe7 Rb8 47. Bb4 Kh8 48. Bc3+ Kg8 49. Rd8+ Rxd8 50. Qxd8+ Qe8 51. Qf6 1-0

[Event "26. Oldie Turnier - Gruppe A"]
[Site "Klingenberg am Main"]
[Date "2025.04.05"]
[Round "2.2"]
[White "Mephisto Atlanta"]
[Black "Saitek RISC 2500"]
[Result "1/2-1/2"]
[WhiteElo "2263"]
[BlackElo "2242"]
[PlyCount "127"]
[GameId "2166621838480752"]
[EventDate "2025.??.??"]

1. e4 {Caro-Kann-Verteidigung (2.c4) mit bergang zur Verbesserten Tarrasch-Verteidigung (Damengambit). Nach bereits 18 Z gen befinden sich die beiden Schachcomputer im Endspiel. Die Partie wird bis zum letzten Bauer gespielt und endet Remis!} c6 2. c4 d5 3. cxd5 cxd5 4. exd5 Nf6 5. d4 Nxd5 6. Nf3 e6 7. Nc3 Be7 8. Bb5+ Bd7 {*erster berechneter Zug} 9. Bxd7+ Qxd7 10. Ne5 Qd6 (10... Nxc3 {ist hier die Hauptfortsetzung}) 11. O-O {*erster berechneter Zug} Nc6 12. Ne4 Qc7 13. Nxc6 Qxc6 14. Bg5 $6 Bxg5 15. Nxg5 Rc8 16. Rc1 Qxc1 17. Qxc1 Rxc1 18. Rxc1 Ke7 19. Kf1 h6 20. Ne4 Rd8 21. h3 Rd7 22. a4 Nb4 23. Rc4 Nc6 24. Nc5 Rxd4 25. Rxd4 Nxd4 26. Nxb7 {Springerendspiel mit jeweils f nf Bauern. Da der Atlanta am Damenfl gel die Bauernmehrheit hat (Freibauer) sollte der Risc 2500 hier genau spielen bzw. achtgeben!} g5 27. Ke1 f5 28. Kd2 e5 {Der Risc 2500 hat nun alle seine Bauern am K ngisfl gel nach vorne gebracht!} 29. Kd3 Ne6 30. g3 h5 31. h4 gxh4 32. gxh4 Nf4+ 33. Kc4 {Der Ausgang der Partie ist v llig offen!} Nh3 34. Na5 Kd6 $11 {meint STOCKFISH} 35. Nb7+ Kc7 36. Nc5 Nxf2 37. Kd5 e4 38. Ne6+ Kd7 39. Nd4 f4 40. b4 f3 41. Nb3 Ng4 ({STOCKFISH sieht hier die Stellung nach} 41... e3 $3 $19 {mit gro em Vorteil f r Schwarz (jedoch bei genauester Zugfolge). Diese Bewertung ist f r mich allerdings ohne Relevanz da diese utopische Rechentiefe f r "unsere Oldies" schlichtweg nicht zu erreichen ist!!}) 42. Kxe4 f2 43. Nd2 Nh2 44. b5 Kd6 45. Kd3 $2 (45. Kf4) 45... f1=Q+ 46. Nxf1 Nxf1 47. a5 Kc5 $11 (47... Ng3 $1 {Gewinn f r Schwarz (allerdings wieder bei genauester Zugfolge) meint STOCKFISH!?}) 48. b6 axb6 49. axb6 Kxb6 {Die Stellung ist f r den RISC 2500 nicht mehr zu gewinnen.} 50. Ke2 Nh2 51. Ke3 Kc5 52. Kf4 Nf1 53. Kg5 Ng3 54. Kf4 Kd4 55. Kxg3 Ke3 56. Kg2 Kf4 57. Kf2 Kg4 58. Ke3 Kxh4 59. Kf3 Kg5 60. Kg3 Kh6 61. Kh3 Kg7 62. Kg3 Kf6 63. Kh3 Kf7 64. Kg3 {hier einigten sich die Anwender auf Remis!} 1/2-1/2

[Event "26. Oldie Turnier - Gruppe A"]
[Site "Klingenberg am Main"]
[Date "2025.04.05"]
[Round "2.3"]
[White "Mephisto Risc 1MB"]
[Black "Millennium ChessGenius"]
[Result "1/2-1/2"]
[WhiteElo "2259"]
[BlackElo "2217"]
[PlyCount "175"]
[GameId "2166621838480753"]
[EventDate "2025.??.??"]

1. e4 c6 2. d4 d5 3. Nc3 dxe4 4. Nxe4 Nd7 5. Bc4 Ngf6 6. Nxf6+ Nxf6 7. c3 e6 8. Nf3 c5 9. Bg5 cxd4 10. Nxd4 Be7 11. Qe2 O-O 12. Rd1 Qa5 13. Bxf6 Bxf6 14. O-O Qb6 15. Nf3 Rd8 16. Rxd8+ Bxd8 17. Rd1 Bc7 18. Ne5 a6 19. b3 g6 20. Ng4 Qc6 21. Qd2 f5 22. Nf6+ Kg7 23. Nd7 h6 24. Qd4+ e5 25. Nxe5 Qe4 26. Qxe4 fxe4 27. Nd7 Ra7 28. Nc5 b5 29. Bd5 e3 30. fxe3 Bb6 31. b4 Rc7 32. Rf1 g5 33. e4 Bxc5+ 34. bxc5 Rxc5 35. Rf3 g4 36. Rd3 Kf6 37. Kf2 h5 38. Kg3 Kg5 39. a3 a5 40. Kf2 Kf4 41. Ke2 Bd7 42. g3+ Ke5 43. Ke3 Be8 44. Kd2 Rc7 45. Rd4 Bg6 46. Kd3 Be8 47. c4 bxc4+ 48. Bxc4 Bc6 49. Ke3 Bb7 50. a4 Ba8 51. Bd3 Rf7 52. Be2 Re7 53. Rc4 Re6 54. Rc5+ Kd6 55. Rxa5 Rxe4+ 56. Kd2 Bc6 57. Bb5 Bxb5 58. axb5 Kc5 59. b6+ Kxb6 60. Rxh5 Kc6 61. Rf5 Kd6 62. Rf4 Ke5 63. Rxe4+ Kxe4 64. Ke2 Kd4 65. Kf1 Ke5 66. Kg2 Kf6 67. h4 gxh3+ 68. Kxh3 Kg5 69. g4 Kf6 70. Kh4 Kg6 71. g5 Kg7 72. Kh5 Kh7 73. Kg4 Kg6 74. Kf4 Kg7 75. Kf5 Kf7 76. g6+ Kg8 77. Kf4 Kf8 78. Kg4 Kg8 79. Kf5 Kg7 80. Kg5 Kg8 81. Kf6 Kf8 82. Ke5 Kg7 83. Kf5 Kg8 84. Kg5 Kg7 85. Kh5 Kg8 86. Kh6 Kh8 87. g7+ Kg8 88. Kg6 1/2-1/2

[Event "26. Oldie Turnier - Gruppe A"]
[Site "Klingenberg am Main"]
[Date "2025.04.05"]
[Round "2.4"]
[White "Mephisto Magellan"]
[Black "Mephisto London 68020"]
[Result "1-0"]
[WhiteElo "2238"]
[BlackElo "2213"]
[PlyCount "78"]
[GameId "2166621838480754"]
[EventDate "2025.??.??"]

1. e4 e5 2. Nf3 Nc6 3. c3 Nf6 4. d4 Nxe4 5. d5 Ne7 6. Nxe5 Ng6 7. Bd3 Nxe5 8. Bxe4 Bc5 9. Qh5 Qe7 10. O-O Ng6 11. Re1 O-O 12. b4 f5 13. bxc5 fxe4 14. d6 Qf7 15. Be3 cxd6 16. cxd6 b6 17. Na3 Qe6 18. Nb5 Rf5 19. Qe2 Ba6 20. Nd4 Bxe2 21. Nxe6 Bd3 22. Nc7 Raf8 23. a4 Ne5 24. Bd4 Nc6 25. Be3 R8f6 26. Nb5 Bxb5 27. axb5 Rxb5 28. c4 Rb4 29. c5 b5 30. Ra6 Rf5 31. Kf1 Rb2 32. Rd1 Rb3 33. Rxc6 Rf8 34. Rc7 Rxe3 35. c6 dxc6 36. d7 Rd3 37. Rxd3 exd3 38. Rc8 a5 39. Rxf8+ Kxf8 1-0

[Event "26. Oldie Turnier - Gruppe A"]
[Site "Klingenberg am Main"]
[Date "2025.04.05"]
[Round "2.6"]
[White "Mephisto Nigel Short 19.6 MHz"]
[Black "Mephisto Berlin Pro 68020"]
[Result "1-0"]
[WhiteElo "2144"]
[BlackElo "2265"]
[PlyCount "205"]
[GameId "2166621838480756"]
[EventDate "2025.??.??"]

1. e4 e5 2. Nf3 Nc6 3. Bb5 a6 4. Ba4 Nf6 5. d4 exd4 6. O-O Be7 7. e5 Ne4 8. Nxd4 O-O 9. Nf5 d5 10. Bxc6 bxc6 11. Nxe7+ Qxe7 12. Re1 Re8 13. f3 Nd6 14. Bf4 Nf5 15. Nc3 Qb4 16. Qc1 Nd4 17. Ne2 Bf5 18. c3 Nxe2+ 19. Rxe2 Qb6+ 20. Kh1 c5 21. Qd2 c4 22. Be3 Qe6 23. Ree1 Bd3 24. Rad1 Qf5 25. Bd4 Rab8 26. b4 h6 27. Qe3 Re6 28. a4 f6 29. f4 Bc2 30. Ra1 Be4 31. Qd2 fxe5 32. Bxe5 Rg6 33. Re2 Rb7 34. Rae1 Bd3 35. Re3 c6 36. Bd4 Be4 37. R3e2 Qg4 38. Kg1 Rf7 39. Be5 Bd3 40. Re3 Qf5 41. Bb8 Be4 42. R3e2 Qh3 43. Be5 Rf5 44. Rxe4 dxe4 45. g3 h5 46. Rxe4 h4 47. Qg2 Qg4 48. Re3 Qd1+ 49. Qf1 Qxf1+ 50. Kxf1 Rh5 51. Kf2 hxg3+ 52. hxg3 c5 53. bxc5 Rh2+ 54. Kf3 Rc6 55. Bd6 Ra2 56. Re7 g6 57. Ke4 Rd2 58. g4 Rc8 59. f5 gxf5+ 60. gxf5 Re2+ 61. Kd4 Rd2+ 62. Ke3 Rd1 63. Ra7 Re1+ 64. Kd4 Rd1+ 65. Ke5 Re8+ 66. Kf6 Rc1 67. Rg7+ Kh8 68. Rg4 Rce1 69. Kf7 R8e4 70. Rg8+ Kh7 71. c6 Rf1 72. Rg5 Kh6 73. c7 Kxg5 74. Be7+ Kxf5 75. c8=Q+ Kf4 76. Qxa6 Ke3+ 77. Bf6 Kd2 78. a5 Rb1 79. Qd6+ Kc2 80. Qh2+ Kd3 81. Qg3+ Re3 82. Qd6+ Ke2 83. Qh2+ Kd3 84. Qg2 Rb5 85. a6 Ra5 86. Qb7 Re1 87. a7 Rea1 88. Bd4 Kc2 89. Ke6 Rxa7 90. Bxa7 Re1+ 91. Kf6 Rf1+ 92. Kg7 Kxc3 93. Qd5 Kb3 94. Bd4 Rc1 95. Qb5+ Kc2 96. Be3 Rb1 97. Qxc4+ Kb2 98. Bc5 Rh1 99. Bd4+ Ka3 100. Qc3+ Ka4 101. Qc6+ Kb4 102. Qxh1 Kc4 103. Qe4 1-0

[Event "26. Oldie Turnier - Gruppe A"]
[Site "Klingenberg am Main"]
[Date "2025.04.05"]
[Round "3.1"]
[White "Saitek RISC 2500"]
[Black "Mephisto Montreux"]
[Result "1/2-1/2"]
[WhiteElo "2242"]
[BlackElo "2271"]
[PlyCount "184"]
[GameId "2166621838480757"]
[EventDate "2025.??.??"]

1. e4 {Das Bruderduell (beides Programme von Johan de Koning) in der 3. Runde in Klingenberg. Der Risc 2500 gegen den (stärkeren und "jüngeren") Montreux. Sizilianisch Alapin-Variante (2.c3) mit der Nebenvariante 2. - e5 spielen die Kontrahenten in dieser Partie. Der Montreux verbleibt länger in seinem Buch.} c5 2. c3 e5 3. Nf3 Nc6 4. Bc4 Qc7 5. d3 Nf6 6. Ng5 {*erster berechneter Zug} Nd8 7. O-O h6 8. Nf3 Be7 9. Na3 d6 {*erster berechneter Zug} 10. Be3 a6 11. Bb3 Nc6 12. Qe2 Be6 13. Nd2 d5 14. exd5 Nxd5 15. Ne4 Nxe3 16. Qxe3 Bxb3 17. axb3 b6 (17... f5) 18. f4 O-O 19. fxe5 Rfd8 20. e6 fxe6 21. Qh3 e5 $6 (21... Kh8) 22. Qe6+ Kh8 23. Qg6 Rf8 24. Nc4 (24. Nb5 $1 Qd7 (24... axb5 25. Rxa8 Rxa8 26. Rf7 Rg8 27. Nf6 Bxf6 28. Rxc7 $18) 25. Nbd6 Bxd6 26. Nxd6 Kg8 27. Nf5 $18) 24... Rf4 25. Rfe1 a5 26. Rad1 Rd8 27. Qe6 Rff8 28. Qg4 Kh7 29. Rf1 Rxf1+ 30. Rxf1 Qd7 31. Qxd7 Rxd7 32. Nxb6 Rxd3 33. Re1 g6 34. Na4 Rd5 35. Rf1 Kg8 36. c4 Rd8 37. Naxc5 Rd4 38. g3 Rd8 39. Kg2 Rb8 40. Rd1 Nd4 41. Rd3 Rd8 42. Re3 Kg7 43. h3 Re8 44. Nd7 Bb4 45. Rd3 Re6 46. Kf2 Nc6 47. Ke3 Ne7 48. g4 Nc6 49. Rd1 Re8 {(-136)} 50. Rd5 {(+132)} Rd8 51. g5 Ne7 52. Rd3 Nf5+ 53. Kf2 hxg5 54. Nxe5 Rxd3 55. Nxd3 Nd4 56. c5 Kf7 57. Nxg5+ (57. Nxb4 $1 axb4 58. Ke3 Nxb3 59. Kd3 Na5 60. Nxg5+ $18) 57... Ke7 58. Ne4 Nxb3 59. Ke3 Kd7 60. Ne5+ (60. Nxb4 $1) 60... Kd8 61. Nxg6 $2 (61. Nc6+ {war hier erforderlich um die Gewinnchancen für Weiß aufrecht zu erhalten!}) 61... Nxc5 $11 {Jetzt ist die Partie für den Risc 2500 nicht mehr zu gewinnen!} 62. h4 Nxe4 63. Kxe4 Ke8 64. h5 Kf7 65. Ne5+ Kg7 66. Nd3 Bd6 67. Kd5 Bg3 68. Kc6 Kh6 69. Kb6 a4 70. Ka5 Kxh5 71. Kxa4 Kg6 72. b4 Kf7 73. Kb5 Ke8 74. Kc6 Kd8 75. Kb7 Bc7 76. b5 Ba5 77. Nc5 Be1 78. Kc6 Kc8 79. b6 Bg3 80. Na6 Bf4 81. b7+ Kd8 82. Nc5 Bb8 83. Kb6 Bc7+ 84. Ka7 Be5 85. Ka8 Bd6 86. Ne4 Be5 87. Nf6 Ke7 88. Ng4 Bd6 89. Ne3 Kd7 90. Nc4 Bc7 91. Na5 Bd6 92. Nb3 Kc6 {Hier einigten sich die Anwender auf Remis. Schade hier war mehr drin für den Risc 2500!} 1/2-1/2

[Event "26. Oldie Turnier - Gruppe A"]
[Site "Klingenberg am Main"]
[Date "2025.04.05"]
[Round "3.2"]
[White "Millennium ChessGenius"]
[Black "Mephisto Atlanta"]
[Result "1-0"]
[WhiteElo "2217"]
[BlackElo "2263"]
[PlyCount "185"]
[GameId "2166621838484854"]
[EventDate "2025.??.??"]

1. Nf3 Nf6 2. g3 c5 3. Bg2 d5 4. O-O e6 5. d3 Bd6 6. Nc3 O-O 7. Nb5 Be7 8. Bf4 Na6 9. c4 Bd7 10. Qb3 Qb6 11. a4 Bc6 12. Bc7 Nxc7 13. a5 Qxb5 14. cxb5 Bxb5 15. Rfc1 Rac8 16. e3 Ba6 17. d4 Ne4 18. dxc5 Nxc5 19. Qc2 Bc4 20. Nd4 Bf6 21. Rd1 N7a6 22. Ra3 Nb4 23. Qd2 Ncd3 24. Rda1 e5 25. Nf5 Ba6 26. Rc3 d4 27. exd4 exd4 28. Rxc8 Rxc8 29. Qe2 Kf8 30. Nd6 Rd8 31. Ne4 Be7 32. b3 Rd5 33. Nd2 Nf4 34. Qe4 Ne2+ 35. Kh1 g6 36. Nc4 Nc3 37. Qf4 Rd8 38. Qe5 f6 39. Qf4 Nc2 40. Rc1 d3 41. Bf3 Kg8 42. Qc7 Kf8 43. Nd6 Rxd6 44. Qc8+ Kf7 45. Qxc3 Nd4 46. Bd1 Ne2 47. Bxe2 dxe2 48. Re1 Rd3 49. Qc2 Rd5 50. Rxe2 Bxe2 51. Qxe2 Rxa5 52. Qc4+ Kf8 53. Qc8+ Kf7 54. Qxb7 Ra2 55. Qd5+ Kg7 56. Kg2 a6 57. Qd4 h6 58. Qd7 Kf7 59. Qd5+ Kf8 60. Qe6 Ra1 61. g4 Ra5 62. h4 h5 63. gxh5 gxh5 64. f3 Bd8 65. Qc8 Ke7 66. b4 Rd5 67. Qxa6 Rd2+ 68. Kf1 Bc7 69. Qb7 Kd8 70. Qa8+ Ke7 71. Qe4+ Kd8 72. Qf5 Be5 73. Qxh5 Ke7 74. Qh7+ Ke6 75. h5 Rb2 76. h6 Rxb4 77. Qg8+ Ke7 78. Qg7+ Ke6 79. h7 Rb1+ 80. Ke2 f5 81. Qxe5+ Kxe5 82. h8=Q+ Kd5 83. Qf6 Kc4 84. Qc6+ Kd4 85. Qd6+ Kc3 86. Qd3+ Kb2 87. Qxf5 Rh1 88. f4 Rh6 89. Ke3 Rb6 90. Qd5 Rh6 91. f5 Kc3 92. f6 Rh3+ 93. Ke2 1-0

[Event "26. Oldie Turnier - Gruppe A"]
[Site "Klingenberg am Main"]
[Date "2025.04.05"]
[Round "3.3"]
[White "Mephisto Nigel Short 19.6 MHz"]
[Black "Mephisto Magellan"]
[Result "1/2-1/2"]
[WhiteElo "2144"]
[BlackElo "2238"]
[PlyCount "129"]
[GameId "2166621838484855"]
[EventDate "2025.??.??"]

1. d4 Nf6 2. c4 e6 3. Nc3 Bb4 4. e3 O-O 5. Bd3 c5 6. Nf3 d5 7. O-O dxc4 8. Bxc4 Nbd7 9. Qe2 cxd4 10. exd4 b6 11. d5 Bxc3 12. dxe6 Bb4 13. exd7 Qxd7 14. Be3 Bb7 15. Rac1 Qg4 16. a3 Bd6 17. h3 Bxf3 18. hxg4 Bxe2 19. Bxe2 Be5 20. b3 Bb2 21. Rc2 Bxa3 22. Bf3 Rac8 23. Rxc8 Rxc8 24. Ra1 Bc5 25. Bxc5 Rxc5 26. Rxa7 h6 27. Rb7 Rb5 28. Bd1 Kf8 29. f3 Nd5 30. Be2 Rxb3 31. Bc4 Rb1+ 32. Kh2 Rd1 33. Rd7 Ne3 34. Rxf7+ Ke8 35. Be6 Rd6 36. Bb3 Rd7 37. Rf4 Kd8 38. Ba4 Re7 39. Kg3 Kc7 40. Rb4 Nd5 41. Rc4+ Kd6 42. Rc6+ Ke5 43. Bb3 Rb7 44. Kf2 Nf6 45. Bc4 Nd5 46. Ba2 Nf6 47. g3 b5 48. Ke2 Kd4 49. Bb3 Rd7 50. Rc8 Nd5 51. Kd2 Nb6 52. Re8 Nc4+ 53. Kc2 Ne5 54. Rf8 g6 55. Rf6 g5 56. Rf5 Rc7+ 57. Kd2 Nc4+ 58. Bxc4 bxc4 59. Rf6 c3+ 60. Kc2 Ke3 61. f4 Rc8 62. Rxh6 gxf4 63. gxf4 Kxf4 64. Rh3 Kxg4 65. Rxc3 1/2-1/2

[Event "26. Oldie Turnier - Gruppe A"]
[Site "Klingenberg am Main"]
[Date "2025.04.05"]
[Round "3.4"]
[White "Fidelity Avant Garde V10"]
[Black "Mephisto Risc 1MB"]
[Result "1-0"]
[WhiteElo "2191"]
[BlackElo "2259"]
[PlyCount "69"]
[GameId "2166621838484856"]
[EventDate "2025.??.??"]

1. e4 e5 2. Nf3 Nc6 3. Bb5 a6 4. Ba4 Nf6 5. d4 exd4 6. O-O Be7 7. Re1 b5 8. Bb3 Bb4 9. Re2 Bc5 10. e5 Ng8 11. c3 dxc3 12. Qd5 Qe7 13. Bg5 Qf8 14. e6 fxe6 15. Rxe6+ Nge7 16. Bxe7 Bxe7 17. Nxc3 Rb8 18. Re4 b4 19. Na4 Rb5 20. Qd2 Rf5 21. Rae1 Rxf3 22. gxf3 Qf5 23. Bd5 Qg6+ 24. Kh1 Kd8 25. Qe2 Bb7 26. Rxe7 Nxe7 27. Qxe7+ Kc8 28. Nc5 Bc6 29. Bxc6 dxc6 30. Qe2 Kd8 31. Qxa6 Qf5 32. Qa8+ Qc8 33. Qxc6 Qe6 34. Qxe6 b3 35. Rd1# 1-0

[Event "26. Oldie Turnier - Gruppe A"]
[Site "Klingenberg am Main"]
[Date "2025.04.05"]
[Round "3.6"]
[White "Mephisto Polgar 100 MHz"]
[Black "Mephisto Berlin Pro 68020"]
[Result "0-1"]
[WhiteElo "2271"]
[BlackElo "2265"]
[PlyCount "114"]
[GameId "2166621838484858"]
[EventDate "2025.??.??"]

1. d4 Nf6 2. c4 g6 3. Nc3 Bg7 4. e4 d6 5. Nf3 O-O 6. Be2 e5 7. O-O Nc6 8. d5 Ne7 9. Ne1 Nd7 10. Nd3 f5 11. Bd2 Nf6 12. f3 c5 13. dxc6 Nxc6 14. Bg5 Be6 15. b3 Qb6+ 16. Kh1 Rac8 17. Nf2 Nd4 18. Be3 fxe4 19. fxe4 Nd7 20. Bg4 Nc5 21. Nd5 Qd8 22. b4 Nd7 23. Bxe6+ Nxe6 24. Rc1 Nd4 25. Nd3 Rxf1+ 26. Qxf1 Nb6 27. Nxb6 Qxb6 28. Qd1 Rf8 29. Qg4 Qc6 30. Nb2 a6 31. a3 Rf6 32. Bxd4 exd4 33. Ra1 b5 34. Qe2 Re6 35. Re1 d3 36. Nxd3 bxc4 37. Nf4 Re8 38. Nd5 c3 39. Qd3 Qb5 40. Qe2 Qxe2 41. Rxe2 Rf8 42. Ne7+ Kh8 43. g4 Rf1+ 44. Kg2 Rb1 45. Nd5 Rb2 46. Nxc3 Bxc3 47. Rxb2 Bxb2 48. a4 Kg7 49. b5 axb5 50. axb5 Bd4 51. g5 Kf7 52. Kg3 Ke6 53. Kg4 Ke5 54. Kf3 Bb6 55. h3 Bd4 56. h4 Bb6 57. Kg4 Kxe4 0-1

[Event "26. Oldie Turnier - Gruppe A"]
[Site "Klingenberg am Main"]
[Date "2025.04.05"]
[Round "4.1"]
[White "Mephisto Montreux"]
[Black "Millennium ChessGenius"]
[Result "0-1"]
[WhiteElo "2271"]
[BlackElo "2217"]
[PlyCount "229"]
[GameId "2166621838484859"]
[EventDate "2025.??.??"]

1. d4 c6 2. e4 d5 3. exd5 cxd5 4. c4 Nf6 5. cxd5 Nxd5 6. Nc3 e6 7. Nf3 Bb4 8. Qc2 Nc6 9. Bd3 Ba5 10. Bg5 f6 11. Be3 Ndb4 12. Qe2 Nxd3+ 13. Qxd3 Nb4 14. Qe2 O-O 15. O-O Qd6 16. Ne4 Qd5 17. Bd2 b6 18. Bxb4 Bxb4 19. a3 Be7 20. Nc3 Qd6 21. Rfe1 Bd7 22. d5 e5 23. Rad1 Bd8 24. Ne4 Qc7 25. Rc1 Qb7 26. Nc3 Rc8 27. Qd3 Bg4 28. h3 Bxf3 29. Qxf3 Be7 30. Qf5 Rfd8 31. Qe6+ Kf8 32. a4 Qd7 33. Red1 Rc4 34. Qxd7 Rxd7 35. b3 Rb4 36. Nb5 Bc5 37. Rb1 a6 38. Nc3 Rd4 39. Rbc1 Kf7 40. a5 bxa5 41. Ne4 Bb4 42. Rxd4 exd4 43. d6 Bxd6 44. Nxd6+ Rxd6 45. Rd1 d3 46. Kf1 Ke6 47. Ke1 Ke5 48. Kd2 Kd4 49. Rc1 Rd7 50. Rc4+ Ke5 51. Rc5+ Kf4 52. Rxa5 Rd6 53. Ra4+ Kf5 54. b4 h5 55. Ra5+ Ke4 56. Ra4 Rd4 57. f3+ Kf4 58. Rxa6 Rxb4 59. Kc3 Rb1 60. Kxd3 Rb2 61. g4 Rh2 62. gxh5 Rxh3 63. Ra7 Kxf3 64. Rxg7 Rxh5 65. Rg1 Rd5+ 66. Kc4 Rd6 67. Rf1+ Kg4 68. Rg1+ Kf5 69. Rf1+ Ke6 70. Re1+ Kf7 71. Rf1 Rd8 72. Kc5 Rd2 73. Kc4 Rd7 74. Kc5 Ke6 75. Re1+ Kf5 76. Rf1+ Kg6 77. Rg1+ Kh5 78. Rh1+ Kg5 79. Rg1+ Kh6 80. Rh1+ Kg7 81. Rg1+ Kf8 82. Rf1 Kf7 83. Kc4 Rd2 84. Kc5 Ke6 85. Re1+ Kf5 86. Rf1+ Kg5 87. Rg1+ Kh5 88. Rh1+ Kg6 89. Rg1+ Kh6 90. Rh1+ Kg7 91. Rg1+ Kf8 92. Rf1 Ke7 93. Re1+ Kd7 94. Rf1 Rc2+ 95. Kd5 Ke7 96. Re1+ Kf7 97. Rf1 Re2 98. Kd6 Re5 99. Ra1 Re6+ 100. Kd5 f5 101. Rf1 Kf6 102. Kc5 Re4 103. Kd5 Kg5 104. Rg1+ Rg4 105. Re1 Rg2 106. Rf1 Kg4 107. Ke5 Re2+ 108. Kd5 f4 109. Kc4 f3 110. Rg1+ Rg2 111. Rf1 f2 112. Kd5 Kf3 113. Ke5 Rg7 114. Kd4 Ke2 115. Rh1 0-1